MARC

LEADER 00000nam0a2200000 4500
001 356009
005 20231102010843.0
035 |a (RuTPU)RU\TPU\retro\13269 
090 |a 356009 
100 |a 20200714d1900 km y0rusy50 ca 
101 0 |a rus 
102 |a RU 
105 |a a z 001zy 
200 1 |a Промышленные кризисы  |e очерк из социальной истории Англии  |f М. И. Туган-Барановский 
205 |a 2-е изд., перераб. 
210 |a Санкт-Петербург  |c Склад изданий и книжный магазин О. Н. Поповой  |d 1900 
215 |a 335 с.  |c диагр. 
300 |a Текст в русской дореформенной орфографии 
320 |a Библиография в ссылках 
606 1 |a Экономическая история  |2 stltpush  |3 (RuTPU)RU\TPU\subj\26578  |9 50473 
606 1 |a Великобритания  |x История  |z 16 в.-1918  |2 stltpush  |3 (RuTPU)RU\TPU\subj\67631  |9 83352 
610 1 |a социальная история 
610 1 |a Англия 
610 1 |a промышленность 
610 1 |a промышленные кризисы 
610 1 |a экономическое развитие 
610 1 |a 19 век 
610 1 |a таможенные реформы 
610 1 |a товарные цены 
610 1 |a протекционизм 
610 1 |a конкуренция 
610 1 |a отрасли промышленности 
610 1 |a периодичность 
610 1 |a социальное значение 
610 1 |a безработица 
686 |a У03  |v LBC/SL-A  |2 rubbk 
686 |a Т3(4Вел)5  |v LBC/SL-A  |2 rubbk 
700 1 |a Туган-Барановский  |b М. И.  |c российский экономист  |c историк  |c один из представителей "легального марксизма"  |f 1865-1919  |g Михаил Иванович  |2 stltpush  |3 (RuTPU)RU\TPU\pers\213  |9 108 
801 1 |a RU  |b 63413507  |c 20200714 
801 2 |a RU  |b 63413507  |c 20200922  |g RCR 
942 |c BK